Writing papers in psychology (Record no. 17686)
[ view plain ]
| 000 -LEADER | |
|---|---|
| fixed length control field | 00680nam a22002057a 4500 |
| 008 - FIXED-LENGTH DATA ELEMENTS--GENERAL INFORMATION | |
| fixed length control field | 190521b xxu||||| |||| 00| 0 eng d |
| 020 ## - INTERNATIONAL STANDARD BOOK NUMBER | |
| International Standard Book Number | 1111726132 |
| 040 ## - CATALOGING SOURCE | |
| Original cataloging agency | KABU |
| Transcribing agency | KABU |
| 050 ## - LIBRARY OF CONGRESS CALL NUMBER | |
| Classification number | LB2369 |
| Item number | .R67 2012 c. 1 |
| 100 ## - MAIN ENTRY--PERSONAL NAME | |
| Personal name | Rosnow, Ralph L. |
| 245 ## - TITLE STATEMENT | |
| Title | Writing papers in psychology |
| Remainder of title | proposals, research papers, literature reviews, poster presentations and concise reports |
| Statement of responsibility, etc. | Ralph L. Rosnow and Mimi Rosnow |
| 250 ## - EDITION STATEMENT | |
| Edition statement | 9th ed. |
| 260 ## - PUBLICATION, DISTRIBUTION, ETC. (IMPRINT) | |
| Place of publication, distribution, etc. | Australia |
| Name of publisher, distributor, etc. | Wadsworth Cengage Learning |
| Date of publication, distribution, etc. | 2012 |
| 300 ## - PHYSICAL DESCRIPTION | |
| Extent | xii, 196 p. |
| 650 ## - SUBJECT ADDED ENTRY--TOPICAL TERM | |
| Topical term or geographic name as entry element | Research |
| 650 ## - SUBJECT ADDED ENTRY--TOPICAL TERM | |
| Topical term or geographic name as entry element | Dissertations, Academic |
| 650 ## - SUBJECT ADDED ENTRY--TOPICAL TERM | |
| Topical term or geographic name as entry element | Report writing |
| 700 ## - ADDED ENTRY--PERSONAL NAME | |
| Personal name | Rosnow, Mimi |
| 942 ## - ADDED ENTRY ELEMENTS (KOHA) | |
| Source of classification or shelving scheme | Library of Congress Classification |
| Koha item type | General Collection |
| Classification part | LB2369 |
| Withdrawn status | Lost status | Source of classification or shelving scheme | Not for loan | Home library | Current library | Date acquired | Cost, normal purchase price | Total Checkouts | Full call number | Barcode | Date last seen | Copy number | Price effective from | Koha item type |
|---|---|---|---|---|---|---|---|---|---|---|---|---|---|---|
| Library of Congress Classification | Kabarak, Main Campus | Kabarak, Main Campus | 21/05/2019 | 4995.00 | LB2369 .R67 2012 c. 1 | 024876 | 21/05/2019 | c. 1 | 21/05/2019 | General Collection |